Electronics world : the Essential Electronic Engineering Magazine

Saved in:
Bibliographic Details
Format: Serial
Language:English
Published: London : John Patrick Publishers
Subjects:
ISSN:1365-4675
Online Access: Get full text
Tags: Add Tag
No Tags, Be the first to tag this record!

MARC

LEADER 00000nas a2200000 4500
003 SK-BrCVT
005 20240405131043.0
008 060515c199u9999xxk e b eng
022 |a 1365-4675 
035 |a CVTIDW1221832 
040 |b slo  |a BA002  |e AACR2  |d CVT 
041 0 |a eng 
044 |a xxk  |c GB 
080 |a 621.396(05)  |2 UDC-MRF 
080 |a 621.397(05)  |2 UDC-MRF 
080 |a 621.38(05)  |2 UDC-MRF 
245 1 0 |a Electronics world :  |b the Essential Electronic Engineering Magazine 
260 |a London :  |b John Patrick Publishers 
310 |a Mesačník 
500 |a Vo fonde od roku:1956 
500 |a Zmena názvu. Do r. 1983 Wireless world; Do č. 1644/1989 Electronics and wireless world; Do č. 12/1995 Electronics world and wireless world; Zmena miesta vyd. Do r. 2001 Sutton,Surrey. Do č. 10/2003 Cheam. ; Zmena vydav. Do r. 2000 Reed Business Information. Do č. 1793/2000 Cumulus Business Media. Do r. 2012 Swanley:Highbury Business ; Má samostat. príl. Electronic Products Extra; Od r.2016 zrušený odber. 
653 1 |a oznamovacia technika  |a rádiotechnika  |a televízna technika  |a elektronika  |a audiotechnika  |a videotechnika 
655 4 |a časopisy  |9 34804 
910 |b C1019  |m R15 
959 |a 29 
959 |a 28 
992 |a BCA 
999 |c 2  |d 2 
974 |b Soňa Beutelhauserová